000 00762nam a2200193Ii 4500
003 JO-AjNU
008 230605s9999||||xx |||||||||||||| ||und||
040 _aJO-AjNU
_bara
_erda
_cJO-AjNU
041 _aara
050 1 4 _aKMM2.2.J67 1981
100 3 _aاعداد المكتب الفني بادارة نبيل، طارق شفيق، نقابة المحامين,
_eauthor
_947224
245 0 0 _aمجموعة قانون الشركات الأردني
264 3 1 _aنقابة المحامين الاردنيين: المكتب الفني، 1981
300 _a211ص
336 _atext
_btxt
_2rdacontent
337 _aunmediated
_bn
_2rdamedia
338 _avolume
_bnc
_2rdacarrier
650 4 _aقانون الشركات - قانون اداري - الاردن
_947225
999 _aA20600
_c24168
_d24168